Music Quiz

Random Music or Album Quiz
Score 0/266 Timer 20:00
3 Plays Today
Album Song % Correct
Sticky Fingers (1971)Brown Sugar
72.7%
Beggars Banquet (1968)Sympathy for the Devil
71.5%
Goats Head Soup (1973)Angie
65.2%
Let It Bleed (1969)Gimme Shelter
65%
Tattoo You (1981)Start Me Up
62.7%
Sticky Fingers (1971)Wild Horses
61.6%
Let It Bleed (1969)Let It Bleed
61.6%
Let It Bleed (1969)You Can't Always Get What You Want
60.1%
It's Only Rock 'n Roll (1974)It's Only Rock 'n Roll (But I Like It)
59.2%
Emotional Rescue (1980)Emotional Rescue
54.9%
Exile on Main St. (1972)Tumbling Dice
54.9%
Some Girls (1978)Miss You
54.9%
Some Girls (1978)Some Girls
54.3%
Beggars Banquet (1968)Street Fighting Man
53.2%
Some Girls (1978)Beast of Burden
53%
Aftermath (1966)Under My Thumb
51.6%
Sticky Fingers (1971)Bitch
50.5%
Their Satanic Majesties Request (1967)She's a Rainbow
48.5%
Aftermath (1966)Mother's Little Helper
48.2%
Sticky Fingers (1971)Can't You Hear Me Knocking
48%
Let It Bleed (1969)Midnight Rambler
47.6%
Exile on Main St. (1972)Happy
47.3%
Sticky Fingers (1971)Dead Flowers
47.3%
Let It Bleed (1969)Monkey Man
46.9%
Exile on Main St. (1972)Rocks Off
46.3%
Tattoo You (1981)Waiting on a Friend
44.9%
Let It Bleed (1969)Country Honk
44.7%
Sticky Fingers (1971)Sway
44.1%
Sticky Fingers (1971)Moonlight Mile
43.9%
Undercover (1983)Undercover of the Night
43.8%
Some Girls (1978)Shattered
43.8%
Sticky Fingers (1971)Sister Morphine
43.7%
Let It Bleed (1969)Love in Vain
41.9%
Exile on Main St. (1972)Sweet Virginia
41.8%
Beggars Banquet (1968)Salt of the Earth
41.7%
Their Satanic Majesties Request (1967)2000 Light Years from Home
41.7%
Let It Bleed (1969)You Got the Silver
41%
Exile on Main St. (1972)Rip This Joint
40.7%
Goats Head Soup (1973)Doo Doo Doo Doo Doo (Heartbreaker)
40.3%
Exile on Main St. (1972)Shine a Light
40%
Exile on Main St. (1972)Ventilator Blues
39.3%
The Rolling Stones No. 2 (1965)Time Is on My Side
39.2%
Aftermath (1966)Lady Jane
38.6%
Beggars Banquet (1968)Stray Cat Blues
38.3%
Beggars Banquet (1968)No Expectations
38.2%
Let It Bleed (1969)Live with Me
38.1%
Beggars Banquet (1968)Jig-Saw Puzzle
37.7%
Exile on Main St. (1972)Loving Cup
37.5%
The Rolling Stones (1964)Route 66
37.3%
Dirty Work (1986)Dirty Work
37.1%
Exile on Main St. (1972)Casino Boogie
36.8%
Exile on Main St. (1972)Turd on the Run
36.8%
Goats Head Soup (1973)Star Star
36.7%
Beggars Banquet (1968)Factory Girl
36.7%
Beggars Banquet (1968)Dear Doctor
36.6%
Beggars Banquet (1968)Parachute Woman
36.5%
Black and Blue (1976)Fool to Cry
36.2%
Emotional Rescue (1980)She's So Cold
36.2%
Exile on Main St. (1972)All Down the Line
36.1%
Some Girls (1978)Far Away Eyes
36%
Some Girls (1978)When the Whip Comes Down
35.8%
Tattoo You (1981)Little T & A
35.2%
Exile on Main St. (1972)Sweet Black Angel
35.1%
Sticky Fingers (1971)I Got the Blues
35.1%
Sticky Fingers (1971)You Gotta Move
34.9%
The Rolling Stones (1964)Carol
34.7%
Exile on Main St. (1972)Shake Your Hips
34.7%
Dirty Work (1986)Harlem Shuffle
34.5%
Exile on Main St. (1972)Soul Survivor
34.4%
Their Satanic Majesties Request (1967)2000 Man
34.4%
Some Girls (1978)Just My Imagination (Running Away with Me)
34.4%
Goats Head Soup (1973)Dancing With Mr D
34.2%
Exile on Main St. (1972)Torn and Frayed
34%
Some Girls (1978)Respectable
33.7%
Aftermath (1966)Stupid Girl
33.4%
Tattoo You (1981)Hang Fire
33.3%
Some Girls (1978)Before They Make Me Run
33.3%
Beggars Banquet (1968)Prodigal Son
33.3%
Steel Wheels (1989)Mixed Emotions
32.8%
Their Satanic Majesties Request (1967)Citadel
32.5%
Exile on Main St. (1972)Let It Loose
32.2%
Tattoo You (1981)Slave
32.2%
Exile on Main St. (1972)I Just Want to See His Face
32.1%
Emotional Rescue (1980)Dance (Pt. 1)
31.9%
Black and Blue (1976)Memory Motel
31.9%
Goats Head Soup (1973)Winter
31.8%
Between the Buttons (1967)Yesterday's Papers
31.4%
Between the Buttons (1967)Connection
31.3%
It's Only Rock 'n Roll (1974)Ain't Too Proud to Beg
31%
Album Song % Correct
Blue & Lonesome (2016)Blue and Lonesome
30.6%
Black and Blue (1976)Hey Negrita
30.3%
Black and Blue (1976)Hot Stuff
30.2%
Their Satanic Majesties Request (1967)Gomper
30.1%
Aftermath (1966)Out of Time
30%
Some Girls (1978)Lies
29.9%
Aftermath (1966)Goin' Home
29.2%
Out of Our Heads (1965)Heart of Stone
29.2%
Their Satanic Majesties Request (1967)Sing This All Together (See What Happens)
29.2%
Undercover (1983)She Was Hot
29.2%
Their Satanic Majesties Request (1967)Sing This All Together
29.2%
Tattoo You (1981)Black Limousine
29.2%
Voodoo Lounge (1994)Love Is Strong
29.1%
Their Satanic Majesties Request (1967)The Lantern
29%
Between the Buttons (1967)Miss Amanda Jones
28.9%
Exile on Main St. (1972)Stop Breaking Down
28.7%
Tattoo You (1981)Neighbours
28.5%
Steel Wheels (1989)Rock and a Hard Place
28.3%
It's Only Rock 'n Roll (1974)Fingerprint File
28.3%
Goats Head Soup (1973)Silver Train
28.2%
The Rolling Stones (1964)I Just Wanna Make Love to You
28.1%
Their Satanic Majesties Request (1967)In Another Land
28.1%
Tattoo You (1981)Heaven
28.1%
It's Only Rock 'n Roll (1974)Time Waits for No One
27.8%
Goats Head Soup (1973)100 Years Ago
27.7%
Tattoo You (1981)Tops
27.6%
Aftermath (1966)Flight 505
27.5%
It's Only Rock 'n Roll (1974)If You Can't Rock Me
27.4%
The Rolling Stones (1964)Tell Me (You're Coming Back)
27.2%
Black and Blue (1976)Hand of Fate
26.9%
The Rolling Stones (1964)I'm a King Bee
26.9%
Dirty Work (1986)One Hit (To the Body)
26.5%
The Rolling Stones (1964)Walking the Dog
26.5%
Between the Buttons (1967)Something Happened to Me Yesterday
26.3%
Between the Buttons (1967)Cool, Calm & Collected
26.2%
The Rolling Stones (1964)Mona (I Need You Baby)
26.1%
Black and Blue (1976)Cherry Oh Baby
26%
It's Only Rock 'n Roll (1974)Dance Little Sister
26%
The Rolling Stones (1964)Can I Get a Witness
25.9%
It's Only Rock 'n Roll (1974)Luxury
25.9%
Steel Wheels (1989)Sad Sad Sad
25.8%
Bridges to Babylon (1997)Anybody Seen My Baby?
25.7%
Out of Our Heads (1965)Mercy, Mercy
25.5%
The Rolling Stones No. 2 (1965)Everybody Needs Somebody to Love
25.4%
Voodoo Lounge (1994)You Got Me Rocking
25.3%
Black and Blue (1976)Crazy Mama
25.2%
Tattoo You (1981)Worried About You
25.1%
Aftermath (1966)Think
25%
Between the Buttons (1967)Back Street Girl
25%
Goats Head Soup (1973)Coming Down Again
24.9%
It's Only Rock 'n Roll (1974)Short and Curlies
24.9%
A Bigger Bang (2005)Rough Justice
24.9%
Between the Buttons (1967)She Smiled Sweetly
24.8%
Their Satanic Majesties Request (1967)On with the Show
24.7%
Out of Our Heads (1965)I'm Free
24.6%
Between the Buttons (1967)Complicated
24.5%
The Rolling Stones (1964)Now I've Got a Witness
24.5%
Emotional Rescue (1980)Indian Girl
24.4%
The Rolling Stones No. 2 (1965)Susie Q
24.3%
Between the Buttons (1967)My Obsession
24.2%
Black and Blue (1976)Melody
24.2%
Goats Head Soup (1973)Can You Hear the Music
24.1%
The Rolling Stones No. 2 (1965)Under the Boardwalk
23.5%
Out of Our Heads (1965)She Said 'Yeah'
23.4%
Aftermath (1966)High and Dry
23.1%
Aftermath (1966)I Am Waiting
23%
Steel Wheels (1989)Continental Drift
23%
The Rolling Stones (1964)Little by Little
22.5%
Tattoo You (1981)No Use in Crying
22.5%
Out of Our Heads (1965)Hitch Hike
22.4%
Emotional Rescue (1980)Summer Romance
22.3%
Out of Our Heads (1965)The Under Assistant West Coast Promotion Man
22.2%
Goats Head Soup (1973)Hide Your Love
22.2%
Undercover (1983)Too Much Blood
22.1%
Emotional Rescue (1980)Where the Boys Go
22%
Bridges to Babylon (1997)Out of Control
21.6%
Bridges to Babylon (1997)Saint of Me
21.6%
Between the Buttons (1967)Who's Been Sleeping Here?
21.5%
It's Only Rock 'n Roll (1974)If You Really Want to Be My Friend
21.5%
Steel Wheels (1989)Slipping Away
21.5%
Dirty Work (1986)Fight
21.4%
Aftermath (1966)Doncha Bother Me
21.4%
Emotional Rescue (1980)All About You
21.2%
Emotional Rescue (1980)Send It to Me
21.2%
It's Only Rock 'n Roll (1974)Till the Next Goodbye
21.1%
Emotional Rescue (1980)Down in the Hole
21%
Emotional Rescue (1980)Let Me Go
21%
The Rolling Stones (1964)Honest I Do
20.9%
Between the Buttons (1967)All Sold Out
20.6%
Album Song % Correct
Out of Our Heads (1965)That's How Strong My Love Is
20.6%
Steel Wheels (1989)Terrifying
20.5%
Dirty Work (1986)Too Rude
20.4%
A Bigger Bang (2005)Streets of Love
20.4%
A Bigger Bang (2005)Sweet Neo Con
20.2%
Voodoo Lounge (1994)Thru and Thru
20.1%
Steel Wheels (1989)Almost Hear You Sigh
20%
The Rolling Stones No. 2 (1965)Down Home Girl
19.9%
Out of Our Heads (1965)Good Times
19.9%
Voodoo Lounge (1994)The Worst
19.8%
Voodoo Lounge (1994)Blinded by Rainbows
19.8%
Out of Our Heads (1965)Cry to Me
19.7%
The Rolling Stones No. 2 (1965)Off the Hook
19.6%
Aftermath (1966)What to Do
19.6%
Voodoo Lounge (1994)Out of Tears
19.5%
The Rolling Stones No. 2 (1965)Down the Road Apiece
19.5%
Aftermath (1966)Take It or Leave It
19.5%
Between the Buttons (1967)Please Go Home
19.3%
Bridges to Babylon (1997)Flip the Switch
19.2%
Voodoo Lounge (1994)Sparks Will Fly
19.1%
Steel Wheels (1989)Can't Be Seen
19%
The Rolling Stones (1964)You Can Make It If You Try
19%
Blue & Lonesome (2016)Just Your Fool
18.8%
Undercover (1983)Too Tough
18.8%
Steel Wheels (1989)Blinded by Love
18.6%
Voodoo Lounge (1994)Brand New Car
18.6%
A Bigger Bang (2005)Rain Fall Down
18.6%
Steel Wheels (1989)Hold On to Your Hat
18.4%
Dirty Work (1986)Sleep Tonight
18.3%
The Rolling Stones No. 2 (1965)Pain in My Heart
18.3%
Aftermath (1966)It's Not Easy
18.2%
A Bigger Bang (2005)Infamy
18.2%
Dirty Work (1986)Winning Ugly
18.1%
Voodoo Lounge (1994)I Go Wild
18.1%
Blue & Lonesome (2016)I Can't Quit You Baby
18%
Bridges to Babylon (1997)Gunface
18%
Dirty Work (1986)Back to Zero
17.7%
Dirty Work (1986)Had It With You
17.6%
Out of Our Heads (1965)Oh, Baby (We Got a Good Thing Going)
17.5%
The Rolling Stones No. 2 (1965)You Can't Catch Me
17.4%
Blue & Lonesome (2016)Ride 'Em On Down
17.4%
Voodoo Lounge (1994)Suck on the Jugular
17.3%
Bridges to Babylon (1997)Too Tight
17.3%
Undercover (1983)Pretty Beat Up
17.3%
The Rolling Stones No. 2 (1965)I Can't Be Satisfied
17.2%
Voodoo Lounge (1994)Mean Disposition
17.2%
Undercover (1983)Tie You Up (The Pain of Love)
17.1%
Steel Wheels (1989)Hearts for Sale
16.9%
A Bigger Bang (2005)Oh No, Not You Again
16.9%
Undercover (1983)It Must Be Hell
16.8%
Voodoo Lounge (1994)Moon Is Up
16.8%
Voodoo Lounge (1994)Sweethearts Together
16.7%
Out of Our Heads (1965)Gotta Get Away
16.6%
Bridges to Babylon (1997)Thief in the Night
16.5%
Blue & Lonesome (2016)Commit a Crime
16.4%
Undercover (1983)Wanna Hold You
16.4%
Undercover (1983)All the Way Down
16.4%
Steel Wheels (1989)Break the Spell
16.3%
A Bigger Bang (2005)Look What the Cat Dragged In
16.2%
Blue & Lonesome (2016)Hoo Doo Blues
16.2%
Voodoo Lounge (1994)New Faces
16%
The Rolling Stones No. 2 (1965)What a Shame
16%
Undercover (1983)Feel On Baby
15.4%
A Bigger Bang (2005)Back of My Hand
15.3%
The Rolling Stones No. 2 (1965)Grown Up Wrong
15.2%
Bridges to Babylon (1997)How Can I Stop
15.2%
Bridges to Babylon (1997)Low Down
15%
A Bigger Bang (2005)Driving Too Fast
14.7%
A Bigger Bang (2005)Biggest Mistake
14.6%
A Bigger Bang (2005)Laugh, I Nearly Died
14.6%
Dirty Work (1986)Hold Back
14.6%
Bridges to Babylon (1997)Already Over Me
14.6%
Voodoo Lounge (1994)Baby Break It Down
14.5%
Blue & Lonesome (2016)Little Rain
14.5%
Out of Our Heads (1965)Talkin' 'Bout You
14.2%
Bridges to Babylon (1997)You Don't Have to Mean It
14.2%
Bridges to Babylon (1997)Might as Well Get Juiced
14.2%
A Bigger Bang (2005)This Place Is Empty
14.2%
A Bigger Bang (2005)Let Me Down Slow
13.8%
A Bigger Bang (2005)Dangerous Beauty
13.6%
Blue & Lonesome (2016)Hate to See You Go
13.5%
Bridges to Babylon (1997)Always Suffering
13.1%
Blue & Lonesome (2016)I Gotta Go
13%
A Bigger Bang (2005)She Saw Me Coming
12.7%
Blue & Lonesome (2016)Everybody Knows About My Good Thing
12.3%
A Bigger Bang (2005)It Won't Take Long
12.2%
Blue & Lonesome (2016)All of Your Love
11.3%
Blue & Lonesome (2016)Just Like I Treat You
10.6%
Remove Ads.
Support Sporcle.
Get the best of Sporcle when you Go Orange. This ad-free experience offers more features, more stats, and more fun while also helping to support Sporcle. Thank you for becoming a member.

You're not logged in!

Compare scores with friends on all Sporcle quizzes.
OR
Log In

Show Comments

Extras

Top Quizzes Today


Score Distribution

Your Account Isn't Verified!

In order to create a playlist on Sporcle, you need to verify the email address you used during registration. Go to your Sporcle Settings to finish the process.

Report this User

Report this user for behavior that violates our Community Guidelines.

Details: